ბათუმის შოთა რუსთაველის სახელმწიფო უნივერსიტეტის ბიბლიოთეკა

მასალათა გამძლეობა / (ბიბ.ჩანაწერი № 35722)

000 -ლიდერი
ფიქსირებული სიგრძის საკონტროლო ველი 00903nam a2200229Ia 4500
001 - საკონტროლო ნომერი
საკონტროლო ველი 1596
003 - საკონტროლო ნომრის იდენტიფიკატორი
საკონტროლო ველი GE_BSU
005 - ბოლო ოპერაციის თარიღი და დრო
საკონტროლო ველი 20200226164352.0
008 - ფიქსირებული სიგრძის მონაცემთა ელემენტები - ზოგადი ინფორმაცია
ფიქსირებული სიგრძის საკონტროლო ველი 181216s2005 xx |||||||||||||| ||geo||
020 ## - წიგნის საერთაშორისო სტანდარტული ნომერი
International Standard Book Number 9994025015
040 ## - კატალოგიზაციის წყარო
Transcribing agency GE_BSU
041 ## - ენის კოდი
Language code of text/sound track or separate title geo
080 ## - უნივერსალური ათობითი კლასიფიკაციის ინდექსი
Universal Decimal Classification number 539.3/.6(075.8) ხ–15
100 ## - მთავარი ჩანაწერი - პიროვნების სახელი
Personal name ხავლოშვილი, ე.
9 (RLIN) 7517
245 ## - ცნობა სათაურის შესახებ
Title მასალათა გამძლეობა /
Statement of responsibility, etc ე. ხავლოშვილი ; გ. ფუტკარაძე ; რედ. ვ. ჩხაიძე.
264 ## - წარმოების, გამოცემის, დისტრიბუციის და სხვა ცნობები
გამოცემის, წარმოების, დისტრიბუციის... ადგილი ბათუმი :
გამოცემის, წარმოების, დისტრიბუციის... სახელწოდება ბათუმის უნ–ტის გამ-ბა,
გამოცემის, წარმოების, დისტრიბუციის... თარიღი 2005.
300 ## - ფიზიკური აღწერა
Extent 515 გვ .:
Dimensions 19 სმ.
653 ## - INDEX TERM--UNCONTROLLED
Uncontrolled term მასალათა გამძლეობა.
700 ## - ADDED ENTRY--PERSONAL NAME
Personal name ფუტკარაძე, გ.
9 (RLIN) 2474
700 ## - ADDED ENTRY--PERSONAL NAME
Personal name ჩხაიძე, ვ
Relator term რედაქტორი
9 (RLIN) 7518
942 ## - ADDED ENTRY ELEMENTS (KOHA)
Koha item type წიგნი
Source of classification or shelving scheme
ეგზემპლარები
ჩამოწერის სტატუსი დაკარგული ეგზემპლარის სტატუსი კლასიფიკაციის წყარო ან თაროზე გაწყობის სქემა დაზიანების სტატუსი არ გაიცემა მუდმივი მდებარეობა (დაცვის ადგილი) ამჟამინდელი ადგილსამყოფელი თაროზე განთავსების ადგილი შეძენის თარიღი სრული შენახვის შიფრი შტრიხკოდი ბოლო ოპერაციის თარიღი ეგზემპლარის მიმდევრობითი ნომერი (კეტერი?) ფასის ძალაში შესვლის თარიღი ეგზემპლარის სახეობა საჯარო შენიშვნა ღირებულება, შესყიდვის ნორმალური ფასი
          ბათუმის შოთა რუსთაველის სახელმწიფო უნივერსიტეტის მთავარი ბიბლიოთეკა ტექნოლოგიური ფაკულტეტის ბიბლიოთეკა წიგნსაცავი 2018-12-17 539.3/.6(075.8) ხ–15 3069 2018-12-17 3069 2018-12-17 წიგნი 20.00  
          ბათუმის შოთა რუსთაველის სახელმწიფო უნივერსიტეტის მთავარი ბიბლიოთეკა ტექნოლოგიური ფაკულტეტის ბიბლიოთეკა წიგნსაცავი 2018-12-17 539.3/.6(075.8) ხ–15 45781 2018-12-17 45781 2018-12-17 წიგნი 20.00 20.00
          ბათუმის შოთა რუსთაველის სახელმწიფო უნივერსიტეტის მთავარი ბიბლიოთეკა ტექნოლოგიური ფაკულტეტის ბიბლიოთეკა წიგნსაცავი 2018-12-17 539.3/.6(075.8) ხ–15 45782 2018-12-17 45782 2018-12-17 წიგნი 20.00 20.00
          ბათუმის შოთა რუსთაველის სახელმწიფო უნივერსიტეტის მთავარი ბიბლიოთეკა ტექნოლოგიური ფაკულტეტის ბიბლიოთეკა წიგნსაცავი 2018-12-17 539.3/.6(075.8) ხ–15 27871 2018-12-17 27871 2018-12-17 წიგნი 20.00 20.00